| 000 | 00844cam a2200301 i 4500 | ||
|---|---|---|---|
| 001 | 0000841 | ||
| 003 | DO-SdBNP | ||
| 005 | 20161130104514.0 | ||
| 007 | 0000841 | ||
| 008 | 100514s 1998 sp a | |||| 000 f spa | ||
| 015 | _a | ||
| 017 |
_a _b |
||
| 020 | _a8434221772 | ||
| 035 | _a | ||
| 040 |
_aBPMSU _bspa _cBPMSU _e |
||
| 080 | _a | ||
| 100 | 1 | _aButterfield, Moira | |
| 240 | 1 | _aSleeping Beauty / | |
| 245 | 1 | 0 |
_aLa bella durmiente / _h _cMoira Butterfield ; traducción Elisenda Solergibert |
| 260 |
_aBarcelona, España : _bParramón ediciones, _c1998. |
||
| 300 |
_a24 p.: _bil. _c24 cm. |
||
| 490 | 1 | _aJuguemos al teatro | |
| 500 | _aUna historia para representar y aprender teatro. | ||
| 700 | 1 |
_aSolergibert, Elisenda _etrad. |
|
| 830 | 0 | _aJuguemos al teatro | |
| 942 |
_2ddc _cBK |
||
| 956 |
_aYLOCKWARD _810 _cBPMSU |
||
| 999 |
_c12180 _d12180 |
||